000 01188nam a22003017a 4500
005 20140903174951.0
008 131107s2012 xxuab frf 000 0 eng d
020 _a1449330061
020 _a9781449330064
040 _aCO-BoUCM
_bspa
_cAngélica Rojas
_dAldemar Mondragón
041 0 0 _aeng
245 0 4 _aThe data journalism handbook
_ceditado por Jonathan Gray, Liliana Bounegru y Lucy Chambers
246 1 _iSubtitle on cover
_aHow journalists can use data to improve the news
260 _aSebastopol (California, Estados Unidos)
_bO'Reilly Media
_c2012
300 _axvii, 220 páginas
_bilustraciones y mapas
504 _aIncluye referencias bibliográficas
650 7 _aMinería de datos
_919571
650 7 _aPeriodismo digital
_921347
650 7 _aPeriodismo
_xInnovaciones tecnológicas
_929493
690 _942898
_aPeriodismo
700 1 _aBounegru, Liliana
_eeditor
_949996
700 1 _aChambers, Lucy
_eeditor
_949997
700 1 _aGray, Jonathan.
_eeditor
_949995
710 2 _aEuropean Journalism Centre
_949998
710 2 _aOpen Knowledge Foundation
_949999
942 _a24
_cLIBRO
_e1
_mD232
_2DEWEY
_h070.430285
999 _c182472
_d182472